000 00383nam a2200121Ia 4500
008 160609s9999 xx 000 0 und d
100 _aNoor Al-AlDeen, Hana S.
245 _aSocial Media: Usage And Impact
245 _cBy:Hana S. Noor Al-Deen, John Allen Hendricks
260 _c2012
650 _xMEDIA LAWS AND ETHICS
856 _uhttp://file.ebook777.com/004/SocMedUsaAndImp.pdf
999 _c295642
_d295642